| 000 | 00648nam a22001217a 4500 | ||
|---|---|---|---|
| 040 | _cRUA | ||
| 100 | _aMIN SITHA មិន ស៊ីថា | ||
| 245 | _aSTUDY ON LAND TRANSACTION IN SANGKAT SNOE, KHAN KAMBOL, PHNOM PENH សិក្សាពីការផ្ទេរប័ណ្ណកម្មសិទ្ធិលើអចលនទ្រព្យ នៅសង្កាត់ស្នោរ ខណ្ឌកំបូល រាជធានីភ្នំពេញ | ||
| 260 |
_aPHNOM PENH _bRUA _c2023 |
||
| 300 |
_aXI. 48P _bVIII. _c29CM |
||
| 856 | _uhttps://drive.google.com/file/d/1j-tsYulwTVDJaypznuRijoxANGcjM3IF/view?usp=sharing | ||
| 942 | _cLMA | ||
| 999 |
_c23178 _d23178 |
||